000 00770cam a22002531 4500
001 30196
003 BD-RjUL
005 20211209051528.0
008 140409s1959 nyu 000 0 eng
035 _a(BD-RjUL)30281
040 _aDLC
_cDLC
_dDLC
_dBD-RjUL
_beng
041 _aeng
082 0 0 _a121
_219
_bWHS 1959
100 1 _aWhitehead, Alfred North,
_d1861-1947.
_93429
245 0 0 _aSymbolism, its meaning and effect /
_c Alfred North Whitehead
260 _aNew York :
_bCapricorn Books,
_c1959.
300 _a88 p. ;
_c19 cm.
490 0 _aBarbour-Page lectures, University of Virginia, 1927
490 0 _aA Putnam Capricorn book, Cap 13.
650 0 _aSymbolism (Psychology)
_991130
942 _2ddc
_cBK
999 _c30196
_d30196